Sportifs par pays #6 Edition Ultime - Statistiques

Statistiques générales
  • Ce quiz a été pris 23 fois
  • Le résultat moyen est 5 sur 20
Statistiques - réponses
Sportif Réponse % Correct
Jan Železný République Tchèque
52%
Nadia Comăneci Roumanie
52%
Timothy Cheruiyot Kenya
43%
Nafissatou Thiam Belgique
38%
Manny Pacquiao Philippines
38%
Virat Kohli Inde
33%
Lee Chong Wei Malaisie
33%
Surya Bonaly France / Etats-Unis
29%
Dayron Robles Cuba
24%
Adam Ondra République Tchèque
24%
Jan-Ove Waldner Suède
24%
Abeer Essawy Egypte
19%
Valentina Shevchenko Kirghizistan
19%
Buakaw (Banchamek) Thaïlande
19%
Caterine Ibargüen Colombie
14%
Hendra Setiawan Indonésie
14%
Hanni Wenzel Liechtenstein
14%
Taufik Hidayat Indonésie
10%
Maria Mutola Mozambique
10%
Nigel Amos Botswana
5%
Aucun quiz correspondant
Distribution des résultats
% des personnes avec chaque résultat
Percentile par nombre de réponses
Votre historique - résultats
Vous n’avez pas pris ce quiz